Loading...

Understanding caste from Buddha to Ambedkar and beyond /

Bibliographic Details
Main Author: Omvedt, Gail
Language:Undetermined
Published: Hyderabad : Orient BlackSwan , 2012.
Edition:2nd ed.
LEADER 00583nam a2200169Ia 4500
001 183123
008 170722s9999 xx 000 0 und d
020 |a 9788125045731 
100 |a Omvedt, Gail 
245 |a Understanding caste from Buddha to Ambedkar and beyond / 
250 |a 2nd ed. 
260 |a Hyderabad :  |b Orient BlackSwan ,  |c 2012. 
300 |a xii+124 
923 |d 20131029  |n TMAR 82 
942 |c GEN 
999 |c 151569  |d 151569 
952 |0 0  |1 0  |4 0  |6 Y_5920AQ2_Q2  |7 0  |9 213479  |a LIB  |b LIB  |d 2013-12-19  |e TBS Publishers&Distributors  |l 3  |o Y5920aQ2 Q2  |p 293801  |r 2019-09-20  |s 2019-09-04  |w 2017-08-12  |y GEN